000 00382 a2200157 4500
999 _c5578
_d5578
020 _a0333641507
050 _aPZ 7 BOT 1996
100 _aBotchway, Christine
245 _aMiracle in the Land
264 _aLondon:
_bMacMillan,
_c1996
300 _a102p. :
440 _atrendstters
500 _anovel
650 _aFiction- Teenagers- Revolution
942 _2lcc
_cBK
_h7
_iBOT
_kPZ